Tridsať rokov socialistickej výstavby - tridsať rokov rozkvetu našej vlasti Slávnostné zasadanie v Španielskej sále Pražského hradu

Bibliographic Details
Format: Article
Language:Slovak
Subjects:

MARC

LEADER 00000nab a2200000 a 4500
001 vtls000312817
003 SK-MaSNL
005 20260302215505.0
008 111201c1978 xo 0 slo
015 |a SNBRB19rr/mm-uuuuu 
035 |a CL0002909 
040 |a SNKBUCL  |b slo  |c SNKBUCL  |e AACR2 
041 0 |a slo 
044 |a xo  |c SK 
080 |a 329.15(437)  |2 1981 
080 |a 329.71  |2 1981 
080 |a 328  |2 1981 
245 0 0 |a Tridsať rokov socialistickej výstavby - tridsať rokov rozkvetu našej vlasti  |b Slávnostné zasadanie v Španielskej sále Pražského hradu 
650 0 7 |a Február (1948 : Československo)  |2 snkbucl  |9 83931 
655 7 |a články z novín a časopisov  |2 snkbucl  |9 267496 
773 0 |t Pravda  |g Roč. 59, č. 47 (24. 2. 1978), s. 1 
850 |a Slovenská národná knižnica v Martine  |a MTA001 
852 |a SNK  |b KIS3GCP 
992 |a RBX 
999 |c 1502606  |d 1504536